=LDR 00000nam 2200000 4500 =001 001137 =005 20250714084736 =035 ##$$a 0010-0725001021 =007 ta =008 250714################a##########0#ind## =020 ##$$a 978-602-244-280-6 =082 ##$$a 398.209 598 =084 ##$$a 398.209 598 DIA k =100 #$$a Dian sukma kuswardhani =245 1#$$a Kotak petualang /$c Dian aukma kuawardhani =250 ##$$a Cetakan pertama =260 ##$$a Kakarta pusat :$b Badan pengembangan dan pembinaan bahasa,$c 2019 =300 ##$$a 40hlm. : $b Ilus. ; $c 25cm =650 #4$$a Cerita anak indonesia